Statistics for Countries That Start with C (with a map)

Click here to take the quiz!

General Stats

  • This quiz has been taken 307 times
  • The average score is 14 of 16

Answer Stats

Country % Correct
14366Canada
96%
218384Chile
94%
616.0219.1Cambodia
93%
216.3247.5Colombia
93%
414.093.8Czech Republic
93%
615.0140.9China
93%
422.6209.4Chad
91%
418.0108.0Croatia
91%
407.0247.0Cameroon
90%
206.0190.2Cuba
88%
192.0228.0Costa Rica
85%
479.4301.4Comoros
84%
455.3143.7Cyprus
81%
427.6239.0Central African Republic
79%
326.7206.9Cape Verde
79%
368.0235.9Cote d'Ivoire
68%

Score Distribution

Percentile by Number Answered

Percent of People with Each Score

Your Score History

You have not taken this quiz